| 000 | 00874cam a2200277 a 4500 | ||
|---|---|---|---|
| 001 | 14889808 | ||
| 005 | 20180125073132.0 | ||
| 008 | 070613s2008 nyuab b 001 0 eng | ||
| 010 | _a 2007024586 | ||
| 020 | _a9780205572489 | ||
| 020 | _a0205572480 | ||
| 035 | _a(OCoLC)ocn144570955 | ||
| 035 |
_a(OCoLC)144570955 _z(OCoLC)144225681 |
||
| 040 |
_aDLC _cDLC _dYDX _dBAKER _dYDXCP _dBTCTA _dDLC |
||
| 041 | _aeng | ||
| 043 | _an-us--- | ||
| 080 | _a320.473 FIO | ||
| 082 | 0 | 0 |
_a320.473 FIO _222 |
| 100 | _a19 | ||
| 101 | _aPOL | ||
| 245 | 0 | 0 |
_aAmerica's new democracy / _cMorris P. Fiorina ... [et al.]. |
| 504 | _aIncludes bibliographical references (p. 516-565) and indexes. | ||
| 906 |
_a7 _bcbc _corignew _d1 _eecip _f20 _gy-gencatlg |
||
| 942 |
_2ddc _cBK |
||
| 999 |
_c40943 _d40943 |
||